|
|
|
|
| LEADER |
00000nam1a2200000 4500 |
| 001 |
105033 |
| 005 |
20231031114256.0 |
| 020 |
|
|
|a RU
|b 86-6017
|
| 035 |
|
|
|a (RuTPU)RU\TPU\book\113285
|
| 090 |
|
|
|a 105033
|
| 100 |
|
|
|a 20061110d1986 m a0rusy5003 ca
|
| 101 |
0 |
|
|a rus
|
| 200 |
1 |
|
|a Наладка стекольных автоматов и полуавтоматов
|e учебник
|f В. М. Будов, Е. А. Чугунов, В. В. Янтарев
|
| 205 |
|
|
|a 2-е изд., перераб. и доп.
|
| 210 |
|
|
|a Москва
|c Высшая школа
|d 1986
|
| 215 |
|
|
|a 254 с.
|c ил.
|d 22 см
|
| 225 |
1 |
|
|a Профессионально-техническое образование
|
| 610 |
1 |
|
|a стекольные заводы
|
| 610 |
1 |
|
|a тара
|
| 610 |
1 |
|
|a стеклоизделия
|
| 610 |
1 |
|
|a техника безопасности
|
| 610 |
1 |
|
|a прокатные машины
|
| 610 |
1 |
|
|a выдувные машины
|
| 610 |
1 |
|
|a стеклоформующие машины
|
| 675 |
|
|
|a 666.1.03
|z rus
|
| 700 |
|
1 |
|a Будов
|b В. М.
|g Виктор Михайлович
|
| 702 |
|
1 |
|a Чугунов
|b Е. А.
|g Евгений Александрович
|
| 702 |
|
1 |
|a Янтарев
|b В. В.
|g Виктор Васильевич
|
| 801 |
|
0 |
|a RU
|b RuMRKP
|c 19950704
|g psbo
|
| 801 |
|
1 |
|a RU
|b 63413507
|c 20061110
|g PSBO
|
| 801 |
|
2 |
|a RU
|b 63413507
|c 20070119
|g PSBO
|
| 942 |
|
|
|c BK
|